Discrete mathematics and its applications (Record no. 198660)
[ view plain ]
| 000 -LEADER | |
|---|---|
| fixed length control field | 00767 a2200181 4500 |
| 003 - CONTROL NUMBER IDENTIFIER | |
| control field | Nust |
| 005 - DATE AND TIME OF LATEST TRANSACTION | |
| control field | 20170207154602.0 |
| 020 ## - INTERNATIONAL STANDARD BOOK NUMBER | |
| International Standard Book Number | 0072899050 |
| 040 ## - CATALOGING SOURCE | |
| Transcribing agency | Nust |
| 082 ## - DEWEY DECIMAL CLASSIFICATION NUMBER | |
| Classification number | 511 ROS |
| 245 ## - TITLE STATEMENT | |
| Title | Discrete mathematics and its applications |
| Statement of responsibility, etc. | Rosen,Kenneth H |
| 250 ## - EDITION STATEMENT | |
| Edition statement | 4th |
| 260 ## - PUBLICATION, DISTRIBUTION, ETC. | |
| Place of publication, distribution, etc. | Boston |
| Name of publisher, distributor, etc. | McGraw-Hill |
| Date of publication, distribution, etc. | 2000 |
| 300 ## - PHYSICAL DESCRIPTION | |
| Extent | 1-18,xviii,678p |
| 505 ## - FORMATTED CONTENTS NOTE | |
| Formatted contents note | 1.The foundations:logic,sets,and functions 1(page 1)2.The fundamentals,algorithms,the integers and matrices(page 99)3.Mathematical reasoning(page 167)4.Counting(page 232)5.Advanced counting techniques(page 308)6.Relations(page 374)7.Graphs(page 438)8.Trees (page 528)9.Boolean ,algebra(page 593)10.Modelling computation(page 629)Appendixes |
| 538 ## - SYSTEM DETAILS NOTE | |
| System details note | Almirah no 11 and shelf no 5 |
| 650 ## - SUBJECT ADDED ENTRY--TOPICAL TERM | |
| Topical term or geographic name entry element | Mathematics |
| 942 ## - ADDED ENTRY ELEMENTS (KOHA) | |
| Source of classification or shelving scheme | |
| Koha item type | Book |
| Withdrawn status | Lost status | Source of classification or shelving scheme | Damaged status | Not for loan | Collection code | Permanent Location | Current Location | Date acquired | Total Checkouts | Full call number | Barcode | Date last seen | Price effective from | Koha item type |
|---|---|---|---|---|---|---|---|---|---|---|---|---|---|---|
| Military College of Signals (MCS) | Military College of Signals (MCS) | 12/12/2016 | 511 ROS | MCS36881 | 12/08/2016 | 12/12/2016 | Book |
